LIBRARY & INFORMATION CENTRE, KCAET, TAVANUR

ONLINE PUBLIC ACCESS CATALOGUE (OPAC)

Automation in pulse irrigation using arduino (Record no. 15121)

MARC details
000 -LEADER
fixed length control field 00660nam a22002057a 4500
003 - CONTROL NUMBER IDENTIFIER
control field OSt
088 ## - REPORT NUMBER
Report number P 336
100 ## - MAIN ENTRY--AUTHOR NAME
Personal name AFEEFA MATUMMAL
245 ## - TITLE STATEMENT
Title Automation in pulse irrigation using arduino
260 ## - PUBLICATION, DISTRIBUTION, ETC. (IMPRINT)
Place of publication Tavanur 2016
Name of publisher Department of Irrigation and Drainage Engineering
300 ## - PHYSICAL DESCRIPTION
Number of Pages 99
500 ## - GENERAL NOTE
General note Automation in pulse irrigation using arduino
520 ## - SUMMARY, ETC.
Summary, etc Automation in pulse irrigation using arduino
700 ## - ADDED ENTRY--PERSONAL NAME
Personal name Chinju Saju
700 ## - ADDED ENTRY--PERSONAL NAME
Personal name Jayalakshmi R
700 ## - ADDED ENTRY--PERSONAL NAME
Personal name Er. Vishnu B (Guide)
856 ## - ELECTRONIC LOCATION AND ACCESS
Uniform Resource Identifier https://drive.google.com/open?id=1DNyaOMfhrJ4JlSFI-cwy9U7IwtjMZknS
942 ## - ADDED ENTRY ELEMENTS (KOHA)
Koha item type Project Report
Holdings
Collection code Home library Current library Shelving location Full call number Accession Number Koha item type
Reference KAUAET KAUAET Reference 631.587 AFE/AU P 336 Project Report
free website counter